LEADER 00994nam0 22002893i 450 001 PUV0307941 005 20231121125613.0 010 $a0471829838 100 $a20140924d1985 ||||0itac50 ba 101 | $aeng 102 $aus 181 1$6z01$ai $bxxxe 182 1$6z01$an 200 1 $aElementary numerical analysis$fKendall Atkinson 210 $aNew York $cJ. Wiley$dc1985 215 $aIX, 416 p.$d24 cm. 606 $aAnalisi numerica$2FIR$3RMLC197050$9I 676 $a519.4$9$v21 700 1$aAtkinson$b, Kendall E.$3TO0V057233$4070$054021 801 3$aIT$bIT-01$c20140924 850 $aIT-FR0099 899 $aBiblioteca Area Ingegneristica$bFR0099 912 $aPUV0307941 950 0$aBiblioteca Area Ingegneristica$d 54INGFA 519.4 ATK$e 54VM 0000094015 VM barcode:ING943. - Inventario:943. - Fondo:CONVM$fA $h20000301$i20121204 977 $a 54 996 $aElementary numerical analysis$93613541 997 $aUNICAS LEADER 05375nam 22006135 450 001 9910253948303321 005 20251107172237.0 010 $a981-10-4768-5 024 7 $a10.1007/978-981-10-4768-8 035 $a(CKB)4100000001382030 035 $a(DE-He213)978-981-10-4768-8 035 $a(MiAaPQ)EBC5211319 035 $a(PPN)222226331 035 $a(EXLCZ)994100000001382030 100 $a20171229d2017 u| 0 101 0 $aeng 135 $aurnn|008mamaa 181 $ctxt$2rdacontent 182 $cc$2rdamedia 183 $acr$2rdacarrier 200 10$aDevelopments in Fungal Biology and Applied Mycology /$fedited by Tulasi Satyanarayana, Sunil K. Deshmukh, B.N. Johri 205 $a1st ed. 2017. 210 1$aSingapore :$cSpringer Nature Singapore :$cImprint: Springer,$d2017. 215 $a1 online resource (XVII, 605 p. 33 illus., 21 illus. in color.) 311 08$a981-10-4767-7 320 $aIncludes bibliographical references at the end of each chapters and index. 327 $aChapter 1: Significant contributions of Prof. Shyam Bahadur Saksena to Indian mycology -- Chapter 2: Biology and significance of Saksenea vasiformis -- Chapter 3: History of Mycology in India: Some Glimpses -- Chapter 4: Various aspects of ammonia fungi -- Chapter 5: Marine Filamentous Fungi: Diversity, Distribution and Bioprospecting -- Chapter 6: Keratinophilic Fungi and Their Biotechnological Potentials -- Chapter 7: Fungal World of Cave Ecosystem -- Chapter 8: Anaerobic Gut Fungi -- Chapter 9: Fungal endophytes representing the diverse habitat and their role in plant protection -- Chapter 10: Fusarium oxysporum: Genomics, diversity and plant host interaction -- Chapter 11: Yeast genome sequencing: basic biology to biotechnology -- Chapter 12: Fungal differentiation: A model phenomenon to screen antifungal drugs -- Chapter 13: Candida albicans Biofilm as a Clinical Challenge -- Chapter 14: Characteristics and multifarious potential applications of HAP phytase of the unconventionalyeast Pichia anomala -- Chapter 15: Fungal Inulinolytic Enzymes: A current appraisal -- Chapter 16: Fungal Tannases: Recent Advances and Industrial Applications -- Chapter 17: Mycoremediation: An alternative treatment option for heavy metal bearing waste water -- Chapter 18: Treatment of landfill leachate using fungi: An efficient and cost-effective strategy -- Chapter 19: Studies on Mycorrhizae in Pinus gerardiana, a threatened pine of the NW Himalayas -- Chapter 20: Role of phosphate solubilising fungi in sustainable agriculture -- Chapter 21: Biotechnological Advancements in Industrial Production of Arbuscular Mycorrhizal Fungi: Achievements, Challenges and Future Prospects -- Chapter 22: Role of Fungicides in Crop Health Management: Prospects and Challenges -- Chapter 23: Bioherbicides: Strategies, Challenges and Prospects -- Chapter 24: Characterization of lamellate mushrooms - An appraisal -- Chapter 25: Occurrence and distribution of mushrooms in semi?ever green Sal (Shorearobusta) forest Chhattisgarh, Central-India -- Chapter 26: Fungal Pigments: An Overview -- Chapter 27: Ex-situ Conservation of Fungi: A Review -- Chapter 28: Camouflaged mycotoxins in some field crops and forages: A review. 330 $aThis book explores the developments in important aspects of fungi related to the environment, industrial mycology, microbiology, biotechnology, and agriculture. It discusses at length both basic and applied aspects of fungi and provides up-to-date laboratory-based data. Of the estimated three million species of fungi on Earth, according to Hawksworth and coworkers, more than 100,000 have been described to date. Many fungi produce toxins, organic acids, antibiotics and other secondary metabolites, and are sources of useful biocatalysts such as cellulases, xylanases, proteases and pectinases, to mention a few. They can also cause diseases in animals as well as plants and many are able to break down complex organic molecules such as lignin and pollutants like xenobiotics, petroleum and polycyclic aromatic compounds. Current research on mushrooms focuses on their hypoglycemic, anti-cancer, anti-pathogenic and immunity-enhancing activities. This ready-reference resource on various aspects of fungi is intended for graduate and post-graduate students as well as researchers in life sciences, microbiology, botany, environmental sciences and biotechnology. 606 $aFungi 606 $aMycology 606 $aMicrobiology 606 $aBiotechnology 606 $aIndustrial microbiology 606 $aFungi 606 $aBiotechnology 606 $aMicrobiology 606 $aIndustrial Microbiology 615 0$aFungi. 615 0$aMycology. 615 0$aMicrobiology. 615 0$aBiotechnology. 615 0$aIndustrial microbiology. 615 14$aFungi. 615 24$aBiotechnology. 615 24$aMicrobiology. 615 24$aIndustrial Microbiology. 676 $a579.135 702 $aSatyanarayana$b Tulasi$4edt$4http://id.loc.gov/vocabulary/relators/edt 702 $aDeshmukh$b Sunil K$4edt$4http://id.loc.gov/vocabulary/relators/edt 702 $aJohri$b B.N$4edt$4http://id.loc.gov/vocabulary/relators/edt 906 $aBOOK 912 $a9910253948303321 996 $aDevelopments in Fungal Biology and Applied Mycology$92264743 997 $aUNINA